[Event "Mittelrhein Verbandsliga-W 17/18"]
[Site "Nordrheinwestfalen"]
[Date "2018.04.15"]
[Round "10.8"]
[White "Gronloh, Dieter"]
[Black "Hamacher, Ulrich"]
[Result "1-0"]
[WhiteElo "1624"]
[BlackElo "1630"]
[PlyCount "59"]
[EventDate "2017.09.10"]
[EventType "team-tourn"]
[EventRounds "11"]
[EventCountry "GER"]
[SourceTitle "EXT 2022"]
[Source "ChessBase"]
[SourceDate "2021.10.06"]
[SourceVersion "1"]
[SourceVersionDate "2021.10.06"]
[SourceQuality "1"]
[WhiteTeam "Eschweiler SC"]
[BlackTeam "Horrem"]
[WhiteTeamCountry "GER"]
[BlackTeamCountry "GER"]

1. Nf3 d5 2. g3 Nf6 3. Bg2 c6 4. d4 Bf5 5. 0-0 e6 6. Nbd2 h6 7. c4 Be7 8. Qb3 Qb6 9. cxd5 Qxb3 10. Nxb3 cxd5 11. Bf4 0-0 12. Ne5 Nbd7 13. Nxd7 Nxd7 14. Rac1 Rac8 15. Na5 g5 16. Bd2 Bd6 17. Nxb7 Be7 18. b4 Nb6 19. Na5 Bf6 20. e3 Bd3 21. Rxc8 Rxc8 22. Rc1 Nc4 23. Nxc4 Rxc4 24. Rxc4 Bxc4 25. a4 Bb3 26. a5 Bc4 27. Bf1 Bxf1 28. Kxf1 a6 29. b5 axb5 30. a6 1-0